[Event "Chigorin Memorial 29th"]
[Site "St Petersburg"]
[Date "2022.10.25"]
[Round "4"]
[White "Puzyrevsky, Semen"]
[Black "Chyndygyr, Tamerlan"]
[Result "1/2-1/2"]
[WhiteElo "1997"]
[BlackElo "2332"]
[PlyCount "77"]
[EventDate "2022.10.22"]
[EventType "swiss"]
[EventRounds "9"]
[EventCountry "RUS"]
[SourceTitle "EXT 2024"]
[Source "ChessBase"]
[SourceDate "2023.10.10"]
[SourceVersion "1"]
[SourceVersionDate "2023.10.10"]
[SourceQuality "1"]

1. e4 c5 2. Nf3 Nc6 3. d4 cxd4 4. Nxd4 Qb6 5. Nb3 Nf6 6. Nc3 e6 7. Be3 Qc7 8. a3 Be7 9. f4 d6 10. Be2 a6 11. g4 b5 12. Qd2 Bb7 13. g5 Nd7 14. 0-0-0 Nc5 15. Kb1 0-0-0 16. Bg4 Kb8 17. Qf2 Na5 18. Rhe1 Nc4 19. Bd4 Rhg8 20. h4 Ka8 21. f5 Ne5 22. Bxe5 dxe5 23. fxe6 fxe6 24. Rxd8+ Rxd8 25. Qf7 Na4 26. Re3 Nxb2 27. Bxe6 Nd1 28. Nxd1 Rxd1+ 29. Nc1 Qc5 30. Rd3 Rxd3 31. Nxd3 Qd6 32. Bd5 Bxd5 33. exd5 Qxa3 34. Qe8+ Ka7 35. Qd7+ Kb8 36. Qe8+ Ka7 37. Qd7+ Kb8 38. Qe8+ Ka7 39. Qd7+ 1/2-1/2

[Event "Chigorin Memorial 28th"]
[Site "St Petersburg"]
[Date "2021.10.28"]
[Round "6"]
[White "Puzyrevsky, Semen"]
[Black "Sinitsina, Anastassia"]
[Result "0-1"]
[WhiteElo "1863"]
[BlackElo "2115"]
[PlyCount "66"]
[EventDate "2021.10.23"]
[EventType "swiss"]
[EventRounds "9"]
[EventCountry "RUS"]
[SourceTitle "EXT 2023"]
[Source "ChessBase"]
[SourceDate "2022.10.05"]
[SourceVersion "1"]
[SourceVersionDate "2022.10.05"]
[SourceQuality "1"]

1. b3 d6 2. Bb2 e5 3. e3 Nd7 4. d4 Ngf6 5. Nf3 e4 6. Nfd2 d5 7. c4 c6 8. cxd5 cxd5 9. Nc3 Be7 10. Be2 0-0 11. 0-0 Re8 12. Rc1 a6 13. Na4 Nf8 14. Qc2 Bd6 15. Nb1 Bf5 16. Ba3 Bxa3 17. Nxa3 Rc8 18. Qd2 Qd6 19. Nc2 Bg4 20. h3 Bxe2 21. Qxe2 Ne6 22. b4 Rc7 23. Nc5 Rec8 24. Qd2 Ng5 25. Na1 Qe7 26. Na4 h6 27. a3 Qe6 28. Rxc7 Rxc7 29. Rc1 Nf3+ 30. gxf3 exf3 31. Nc2 Ne4 32. Qd3 Qg6+ 33. Kf1 Ng3+ 0-1

[Event "Chigorin Memorial 28th"]
[Site "St Petersburg"]
[Date "2021.10.26"]
[Round "4"]
[White "Kaplan, Aleksey"]
[Black "Puzyrevsky, Semen"]
[Result "0-1"]
[WhiteElo "1358"]
[BlackElo "1863"]
[PlyCount "72"]
[EventDate "2021.10.23"]
[EventType "swiss"]
[EventRounds "9"]
[EventCountry "RUS"]
[SourceTitle "EXT 2023"]
[Source "ChessBase"]
[SourceDate "2022.10.05"]
[SourceVersion "1"]
[SourceVersionDate "2022.10.05"]
[SourceQuality "1"]

1. e4 c5 2. Nc3 g6 3. f4 Bg7 4. Nf3 d6 5. Bc4 Nc6 6. 0-0 Nf6 7. d3 0-0 8. Qe1 Nd4 9. Nxd4 cxd4 10. Nd5 Nxd5 11. Bxd5 Qc7 12. Bb3 a5 13. a4 Be6 14. Bxe6 fxe6 15. Qe2 Rf7 16. Rf2 Raf8 17. Qg4 e5 18. Qe6 Kh8 19. g3 Rf6 20. Qh3 exf4 21. gxf4 e5 22. f5 gxf5 23. Bg5 Rg6 24. Qh5 Bh6 25. h4 Bxg5 26. hxg5 Qe7 27. Kh1 Rxg5 28. Qh6 Rg6 29. Qh5 Qg7 30. Qf3 Rh6+ 31. Rh2 Rxh2+ 32. Kxh2 Rf6 33. exf5 Rh6+ 34. Qh3 Rxh3+ 35. Kxh3 Qh6+ 36. Kg4 Qf4+ 0-1

[Event "St Petersburg-ch sf"]
[Site "St Petersburg"]
[Date "2021.02.27"]
[Round "6"]
[White "Puzyrevsky, Semen"]
[Black "Aleksandrov, Danila"]
[Result "0-1"]
[WhiteElo "1620"]
[BlackElo "2200"]
[PlyCount "84"]
[EventDate "2021.02.22"]
[EventType "swiss"]
[EventRounds "9"]
[EventCountry "RUS"]
[SourceTitle "EXT 2022"]
[Source "ChessBase"]
[SourceDate "2021.10.06"]
[SourceVersion "1"]
[SourceVersionDate "2021.10.06"]
[SourceQuality "1"]

1. b3 e5 2. Bb2 Nc6 3. e3 Nf6 4. Bb5 Bd6 5. Na3 Na5 6. Be2 c6 7. c4 Qe7 8. Nc2 c5 9. d3 Bc7 10. Nf3 d5 11. 0-0 0-0 12. cxd5 Nxd5 13. Qd2 Nc6 14. a3 Rd8 15. b4 e4 16. dxe4 Nf4 17. Qe1 Qxe4 18. exf4 Qxc2 19. Qc3 Qxc3 20. Bxc3 cxb4 21. axb4 Bxf4 22. b5 Ne7 23. b6 a6 24. Ra4 Nd5 25. Rd1 Bd7 26. Ra3 Bd6 27. Rxd5 Bxa3 28. Rg5 Bf8 29. h4 h6 30. Rg3 Bb5 31. Nd4 Bxe2 32. Nxe2 Rd1+ 33. Kh2 Re8 34. Nf4 Re4 35. Rf3 Rxf4 36. Rxf4 Bd6 37. g3 Bxf4 38. gxf4 Rd6 39. Ba5 Rd4 40. Kg3 Rd5 41. Bb4 Rb5 42. Be7 Rxb6 0-1

[Event "Wch FIDE Online U10 Europe qual"]
[Site "Tornelo INT"]
[Date "2020.12.09"]
[Round "7"]
[White "Villa Tornero, Alex"]
[Black "Puzyrevsky, Semen"]
[Result "0-1"]
[WhiteElo "1576"]
[BlackElo "1678"]
[PlyCount "98"]
[EventDate "2020.12.07"]
[EventType "swiss (rapid)"]
[EventRounds "7"]
[EventCountry "ISS"]
[SourceTitle "EXT 2022"]
[Source "ChessBase"]
[SourceDate "2021.10.06"]
[SourceVersion "1"]
[SourceVersionDate "2021.10.06"]
[SourceQuality "1"]

1. e4 c5 2. d4 cxd4 3. c3 d5 4. exd5 Qxd5 5. Nf3 Nc6 6. cxd4 Bg4 7. Nc3 Bxf3 8. Nxd5 Bxd1 9. Nc7+ Kd7 10. Nxa8 Bh5 11. Bb5 e6 12. Bf4 Bd6 13. Bxd6 Kxd6 14. g4 Bg6 15. f4 Be4 16. 0-0 Nge7 17. f5 exf5 18. gxf5 f6 19. Rae1 Bd5 20. Nb6 axb6 21. Rf4 Nd8 22. Rc1 Nf7 23. Rf2 Ng5 24. Rfc2 Nf3+ 25. Kf2 Nxd4 26. Rd2 Nxb5 27. Re1 Nxf5 28. Red1 Nbd4 29. Rc1 Re8 30. b4 Re4 31. Rc8 Rf4+ 32. Ke1 Nf3+ 33. Ke2 Nxd2 34. Kxd2 Rxb4 35. Rb8 Rb2+ 36. Kd3 Rxa2 37. h4 Kd7 38. h5 Ra3+ 39. Kd2 h6 40. Rh8 b5 41. Rb8 b4 42. Rh8 b3 43. Kc3 Ra2 44. Rb8 Rc2+ 45. Kb4 Rc8 46. Rxb7+ Bxb7 47. Kb5 b2 48. Kb6 b1Q+ 49. Ka5 Ra8# 0-1

[Event "EU-ch Online U2300 Qual"]
[Site "Chess.com INT"]
[Date "2020.05.25"]
[Round "2"]
[White "Puzyrevsky, Semen"]
[Black "Tsirulnik, Maritsa"]
[Result "1-0"]
[WhiteElo "1667"]
[BlackElo "2139"]
[PlyCount "73"]
[EventDate "2020.05.25"]
[EventType "swiss"]
[EventRounds "8"]
[EventCountry "NET"]
[SourceTitle "EXT 2021"]
[Source "ChessBase"]
[SourceDate "2020.10.23"]
[SourceVersion "1"]
[SourceVersionDate "2020.10.23"]
[SourceQuality "1"]

1. d4 Nf6 2. Bf4 d5 3. e3 e6 4. Nd2 c5 5. c3 Be7 6. Ngf3 0-0 7. Bd3 b6 8. Bxb8 Rxb8 9. Ne5 Bb7 10. f4 Ne4 11. Qf3 Nxd2 12. Kxd2 f6 13. Qh3 f5 14. g4 cxd4 15. exd4 g6 16. gxf5 exf5 17. Rhg1 Rf6 18. Bxf5 Bc8 19. Bxc8 Qxc8 20. Qxc8+ Rxc8 21. Raf1 Rf5 22. Ke3 b5 23. a3 Bf8 24. Rg5 Rf6 25. Ng4 Rd6 26. Rxd5 Rxd5 27. Nf6+ Kf7 28. Nxd5 Ke6 29. Nb4 Bh6 30. Ke4 Re8 31. Nd3 Kd6+ 32. Ne5 Bg7 33. b3 g5 34. c4 bxc4 35. bxc4 gxf4 36. c5+ Ke6 37. Rxf4 1-0